000 02037cam a22003971i 4500
003 SA-RiAUC
005 20250802051732.0
008 250730s2005 su f b f001 0 ara c
020 _a9960890465
040 _aMA-HhKAF
_bara
_cSA-RiAUC.
_erda
041 1 _aara
_bara
_beng
043 _aa-su---
045 2 _bd622
_bd632
082 0 4 _a953.02
_qSA-RiAUC
090 _a953.02
_bع س ك
100 1 _aالعسكر، محمد صالح محمد،
_d1379 هجري-
_eمؤلف.
245 1 0 _aعلاقة القبائل العربية المقيمة حول المدينة بالدولة الإسلامية في عهد الرسول صلى الله عليه وسلم /
_cمحمد بن صالح بن محمد العسكر.
250 _aالطبعة الأولى.
264 1 _aالرياض :
_bمركز الملك فيصل للبحوث والدراسات الإسلامية،
_c2005.
300 _a538 صفحة ؛
_c24 سم.
336 _aنص
_btxt
_2rdacontent
_3كتاب
337 _aبدون وسيط
_bn
_2rdamedia
338 _aمجلد
_bnc
_2rdacarrier
490 1 _aرسائل جامعية ؛
_v7
500 _aيشتمل على كشافات.
500 _aأصل هذا الكتاب أطروحة لنيل درجة الدكتورة في التاريخ الإسلامي من قسم التاريخ في جامعة الملك سعود سنة 1422 هـ.
504 _aببليوجرافية : صفحة 443-469.
546 _aيشتمل على ملخص باللغتين العربية والإنجليزية.
650 7 _aالتاريخ الإسلامي
_yعصر صدر الإسلام
_2aucsh
650 7 _aالقبائل العربية
_xتاريخ
_yعصر صدر الإسلام
_2aucsh
651 7 _aالمدينة المنورة
_xتاريخ
_2aucsh
830 0 _aرسائل جامعية (مركز الملك فيصل للبحوث والدراسات الإسلامية)
_v7
942 _2ddc
_cBOOK
_n0
949 _aSA-JeALM
_d250730
_umohamedma123
_n1
999 _c10456
_d10456